00971nam a2200229 a 450000100100000000500170001000800410002702000150006804000250008310000450010824501100015326000720026330000210033549000210035650400730037771000470045071000600049770000350055783000270059295201050061999900170072400004109820201002034622.0130930s2006 sp 000 0 spa d a8400084381 aDO-SdBNPbspacBNPHU1 aSánchez Román, José Antonio96762410aCiencia, tecnología y género en Iberoamérica /ccoordinadora Eulalia Pérez Sedeño ...[et al.],. aMadrid :bConsejo Superior de Investigaciones Científicas,c2006. a560 p. ;c22 cm.1 aMonografíav29 aIncluye referencias bibliográficas y notas al pie de las páginas2 aMinisterio de Educación y Ciencia9674712 aConsejo Superior de Investigaciones Científicas947861 aAlcalá, Paloma,ecoor967625 0aMonografíav2994914 001050718MOaGRbGRcCTd2013-09-17iLF1l0o p41098-10r2020-06-25w2020-06-25y1ZNo se presta c40588d40588